Proyecto telefónico celular fijo Villa Fontana

Presenta un estudio de la utilización de Tecnología Celular en nuestro País, especialmente de aplicación fija, esta última difiere de la Celular Móvil, en que solo se compone por una celda en particular y por lo tanto no realiza transferencia de llamada hacia otras, es decir el equipo a usar b...

Full description

Bibliographic Details
Main Authors: Dávila Herrera, Efraím, Campos Salazar, Mario, Campos Salazar, Mario
Other Authors: Tutor: Mejía, Leonel
Format: Tesis Section = Libro
Language:Undetermined
Spanish
Published: Managua UNI 1996
Subjects:
LEADER 01318nam a2200253Ia 4500
008 240830s9999 xx 000 0 und d
040 |a BIBLIOTECA-RUSB/ Mon 621.385 D259 
041 |a spa 
082 |a Mon 621.385 D259 
100 1 |a Dávila Herrera, Efraím, Campos Salazar, Mario 
100 1 |b  Campos Salazar, Mario 
245 1 0 |a Proyecto telefónico celular fijo Villa Fontana 
260 |a Managua  |b UNI  |c 1996 
300 |a 64 p. :il. 
500 |a Contiene: anexos. 
502 |a Tesis (Ingeniero Electrónico) - UNI, 1996. 
520 3 |a Presenta un estudio de la utilización de Tecnología Celular en nuestro País, especialmente de aplicación fija, esta última difiere de la Celular Móvil, en que solo se compone por una celda en particular y por lo tanto no realiza transferencia de llamada hacia otras, es decir el equipo a usar brinda comunicación solamente a un área restringida por las características del tipo de celda base a ser usada y por supuesto de la propagación de la señal sobre el terreno, a esto le hemos denominado Proyecto Telefónico Celular Fijo Villa Fontana. 
650 7 |a COMUNICACIÓN TELEFONICA 
650 7 |b  TECNOLOGIA CELULAE 
650 7 |c  SISTEMAS INALAMBRICOS i 
700 1 |a Tutor:  |b Mejía, Leonel 
942 |c BK  |2 ddc 
991 |a TESIS 
999 |c 20314